000
00231nam a22000857a 4500
008
170626b xxu||||| |||| 00| 0 eng d
100
_9
3707
_a
Mittal R. S
245
_a
M C Q on pra science - X
260
_a
New Delhi
_b
Arya Publication
_c
2009
999
_c
7129
_d
7129